| 000 | 01166nas a2200361 4500 | ||
|---|---|---|---|
| 001 | BR8600586 | ||
| 003 | BR-BrBNA | ||
| 005 | 20231205090335.0 | ||
| 007 | ta | ||
| 008 | 230509b bl.|||p| |||| 00| 00por d | ||
| 040 |
_aBR-BrBNA _bpor _cBiblioteca Nacional de Agricultura |
||
| 041 | _a(Pt) | ||
| 072 | _aF61 | ||
| 100 | 1 | _aMalavolta, E. | |
| 100 | 1 | _aAlmeida, C.L.F. de | |
| 100 | 1 | _aDario, G.J.A. | |
| 100 | 1 | _aMaria, I.C. de | |
| 100 | 1 | _aBrito Neto, J. | |
| 100 | 1 | _aBaldeon, J.R.M. | |
| 100 | 1 | _aFarinazzo Filho, M. | |
| 100 | 1 | _aCastro, O.M. de | |
| 100 | 1 | _aLorandi, R. | |
| 245 | 1 | _aEstudos sobre a nutricao mineral do arroz, 25: exigencias nutricionais da variedade Dourado Precoce | |
| 246 | 1 | _aStudies on the nutrition of rice, 25: nutritional requirements of the variety Dourado Precoce | |
| 650 | _aARROZ | ||
| 650 | _aEXIGENCIA NUTRICIONAL | ||
| 650 | _aNUTRIENTE | ||
| 650 | _aABSORCAO | ||
| 650 | _aMATERIA SECA | ||
| 773 | 0 |
_tAnais da Escola Superior de Agricultura Luiz de Queiroz (Brazil) _xISSN 0071-1276 _g(1983), v. 40(2) p. 985-1005 _wBR8600586 |
|
| 909 |
_a202311 _bLúcia _c55 _dLúcia Elande |
||
| 942 |
_2AGRIS _n0 _cANA |
||
| 999 |
_c117723 _d117723 |
||